Sāhityadarpaṇaṃ nām[ā]laṅkāraśāstraṃ / (Record no. 91476)
[ view plain ]
| 000 -LEADER | |
|---|---|
| fixed length control field | 00915cam a2200253 a 4500 |
| 001 - CONTROL NUMBER | |
| control field | unk83065796 |
| 003 - CONTROL NUMBER IDENTIFIER | |
| control field | DLC |
| 005 - DATE AND TIME OF LATEST TRANSACTION | |
| control field | 20260227112800.0 |
| 008 - FIXED-LENGTH DATA ELEMENTS--GENERAL INFORMATION | |
| fixed length control field | 860227s1869 ii 000 0 san |
| 010 ## - LIBRARY OF CONGRESS CONTROL NUMBER | |
| LC control number | unk83065796 |
| 040 ## - CATALOGING SOURCE | |
| Original cataloging agency | DLC |
| Transcribing agency | DLC |
| 050 00 - LIBRARY OF CONGRESS CALL NUMBER | |
| Classification number | PK2916 |
| Item number | .V577 1869 |
| 100 0# - MAIN ENTRY--PERSONAL NAME | |
| Personal name | Viśvanātha Kavirāja. |
| 240 10 - UNIFORM TITLE | |
| Uniform title | Sāhityadarpaṇa |
| 245 14 - TITLE STATEMENT | |
| Title | Sāhityadarpaṇaṃ nām[ā]laṅkāraśāstraṃ / |
| Statement of responsibility, etc. | Viśvanātha Kavirājaviracitaṃ = The sáhitya-darpaṇa, or, Mirror of composition : a treatise on literary criticism / by Viśwanátha Kavirája |
| 246 31 - VARYING FORM OF TITLE | |
| Title proper/short title | Sáhitya-darpaṇa |
| 246 31 - VARYING FORM OF TITLE | |
| Title proper/short title | Mirror of composition |
| 260 ## - PUBLICATION, DISTRIBUTION, ETC. | |
| Place of publication, distribution, etc. | Calcutta : |
| Name of publisher, distributor, etc. | Bábu Bhuvana Chandra Vaśaka, |
| Date of publication, distribution, etc. | 1869. |
| 300 ## - PHYSICAL DESCRIPTION | |
| Extent | 16, 346 p. ; |
| Dimensions | 22 cm. |
| 546 ## - LANGUAGE NOTE | |
| Language note | In Sanskrit. |
| 500 ## - GENERAL NOTE | |
| General note | LC copy: Weber Collection; dated Apr. 14, 1870. |
| Institution to which field applies | DLC |
| 650 #0 - SUBJECT ADDED ENTRY--TOPICAL TERM | |
| Topical term or geographic name entry element | Sanskrit poetry |
| General subdivision | History and criticism. |
| 650 #0 - SUBJECT ADDED ENTRY--TOPICAL TERM | |
| Topical term or geographic name entry element | Poetics. |
No items available.